[Event "2BLN 2122 Hamburger SK II - SG AE Magde"]
[Site "?"]
[Date "2022.05.14"]
[Round "5.2"]
[White "Kramer, Julian"]
[Black "Malek, Daniel"]
[Result "1-0"]
[WhiteElo "2455"]
[BlackElo "2353"]
[PlyCount "194"]
[EventDate "2022.??.??"]

1. e4 e5 2. Nf3 Nf6 3. d4 Nxe4 4. dxe5 d5 5. Nbd2 Nxd2 6. Bxd2 Be7 7. Bd3 c5 8.
c3 Nc6 9. O-O Be6 10. Re1 Qc7 11. Ng5 Bxg5 12. Bxg5 h6 13. Qh5 Kd7 14. Bd2 g5
15. Qe2 Rag8 16. b4 c4 17. Bc2 Kc8 18. b5 Ne7 19. Be3 Kb8 20. b6 axb6 21. Rab1
Nc8 22. Bd4 h5 23. Qe3 h4 24. a4 g4 25. Rb2 h3 26. g3 Rh5 27. Reb1 Bf5 28. Bxf5
Rxf5 29. Bxb6 Nxb6 30. Rxb6 Re8 31. e6 Rxe6 32. Rxe6 fxe6 33. Qxe6 Qf7 34. Qd6+
Qc7 35. Qg6 Qf7 36. Qxg4 Rxf2 37. Qxh3 Rd2 38. Qf1 Qxf1+ 39. Rxf1 d4 40. Rc1 d3
41. h4 Kc7 42. h5 Re2 43. Rd1 Kd6 44. h6 Re6 45. Rb1 Rxh6 46. Kf2 Re6 47. Rb2
Re7 48. g4 Ke5 49. Kf3 Kf6 50. Rb6+ Kg5 51. Rb5+ Kg6 52. Rb6+ Kg7 53. Rb1 Rd7
54. Ke3 Kf6 55. Kd2 Kg5 56. Rb5+ Kxg4 57. Rc5 Kf3 58. Rxc4 Rd6 59. Rh4 Rd8 60.
Rh7 Ke4 61. Rxb7 Kd5 62. Rb1 Kc4 63. a5 Ra8 64. Rb4+ Kc5 65. Ra4 Kb5 66. Ra3
Ka6 67. Kxd3 Rd8+ 68. Kc2 Rc8 69. Ra4 Rc7 70. c4 Rh7 71. Kc3 Rh3+ 72. Kb4 Rh1
73. Ra2 Rg1 74. Rd2 Rb1+ 75. Kc5 Rh1 76. Rd8 Kb7 77. Rd6 Rh5+ 78. Kb4 Rg5 79.
Rb6+ Ka7 80. c5 Rg1 81. Rf6 Kb7 82. a6+ Ka7 83. Kb5 Rb1+ 84. Kc6 Rh1 85. Rf8
Rh2 86. Re8 Rh1 87. Rd8 Rh2 88. Kc7 Rh7+ 89. Rd7 Rh8 90. Rd6 Rh7+ 91. Kc8 Rh8+
92. Rd8 Rh6 93. Rd7+ Ka8 94. Kc7 Ka7 95. Kc8+ Ka8 96. Rd5 Ka7 97. Kd7 Kxa6 1-0

[Event "2BLN 2122 Hamburger SK II - SG AE Magde"]
[Site "?"]
[Date "2022.05.14"]
[Round "5.3"]
[White "Sieber, Fiona"]
[Black "Souleidis, Georgios"]
[Result "1/2-1/2"]
[WhiteElo "2264"]
[BlackElo "2430"]
[PlyCount "55"]
[EventDate "2022.??.??"]

1. e4 e5 2. Nf3 Nc6 3. Bb5 a6 4. Ba4 Nf6 5. O-O Nxe4 6. d4 Be7 7. Re1 b5 8. d5
Nc5 9. Bb3 Na5 10. Nxe5 d6 11. Nf3 O-O 12. Bd2 Naxb3 13. axb3 Bf6 14. Bc3 Bg4
15. h3 Bh5 16. Re3 Bxc3 17. Nxc3 b4 18. Ne2 Re8 19. Rxe8+ Qxe8 20. Nf4 Bxf3 21.
Qxf3 Qe5 22. Nd3 Nxd3 23. Qxd3 Qxb2 24. Rxa6 Qc1+ 25. Kh2 Qf4+ 26. Kg1 Qc1+ 27.
Kh2 Qf4+ 28. Kg1 1/2-1/2

[Event "2BLN 2122 Hamburger SK II - SG AE Magde"]
[Site "?"]
[Date "2022.05.14"]
[Round "5.4"]
[White "Van Delft, Merijn"]
[Black "Andre, Gordon"]
[Result "1/2-1/2"]
[WhiteElo "2375"]
[BlackElo "2346"]
[PlyCount "42"]
[EventDate "2022.??.??"]

1. e4 c6 2. d4 d5 3. e5 Bf5 4. Nd2 e6 5. Nb3 Nd7 6. Nf3 Qc7 7. Nh4 Be4 8. f3
Bg6 9. Nxg6 hxg6 10. c3 O-O-O 11. f4 Ne7 12. g3 Nf5 13. Bg2 f6 14. Qe2 Be7 15.
exf6 gxf6 16. Qxe6 Bd6 17. O-O Rde8 18. Qf7 Reg8 19. Qe6 Re8 20. Qf7 Reg8 21.
Qe6 Re8 1/2-1/2

[Event "2BLN 2122 Hamburger SK II - SG AE Magde"]
[Site "?"]
[Date "2022.05.14"]
[Round "5.5"]
[White "Melamed, Tatjana"]
[Black "Bracker, Frank"]
[Result "1-0"]
[WhiteElo "2353"]
[BlackElo "2369"]
[PlyCount "81"]
[EventDate "2022.??.??"]

1. e4 c5 2. c3 Nf6 3. e5 Nd5 4. d4 cxd4 5. cxd4 e6 6. Nf3 d6 7. Bc4 Be7 8. O-O
O-O 9. Qe2 Nc6 10. Rd1 Na5 11. Bd3 Nb4 12. Nc3 Nxd3 13. Rxd3 Nc6 14. Bf4 d5 15.
Qe3 b6 16. Bg5 Ba6 17. Rdd1 Rc8 18. Rac1 Re8 19. h3 h6 20. Bxe7 Rxe7 21. g4
Rec7 22. g5 hxg5 23. Nxg5 g6 24. Qf4 Qf8 25. Kh2 Ne7 26. Rg1 Qg7 27. Rg4 Nf5
28. Rcg1 Re8 29. Nxe6 fxe6 30. Rxg6 Rf7 31. Rf6 Qxg1+ 32. Kxg1 Rg7+ 33. Kh2 Bd3
34. Qf3 Bf1 35. Nxd5 Bg2 36. Qxg2 Rxg2+ 37. Kxg2 Nxd4 38. Nf4 Re7 39. h4 Kh7
40. Nh3 Kg7 41. Ng5 1-0

[Event "2BLN 2122 Hamburger SK II - SG AE Magde"]
[Site "?"]
[Date "2022.05.14"]
[Round "5.6"]
[White "Voigt, Roland"]
[Black "Paul, Johannes"]
[Result "1/2-1/2"]
[WhiteElo "2442"]
[BlackElo "2278"]
[PlyCount "83"]
[EventDate "2022.??.??"]

1. c4 Nf6 2. g3 g6 3. Bg2 Bg7 4. Nf3 c5 5. Nc3 O-O 6. O-O d5 7. d3 Nc6 8. cxd5
Nxd5 9. Bd2 Nc7 10. Qa4 Bd7 11. Qh4 Nd4 12. Nxd4 cxd4 13. Ne4 Bc6 14. Rfc1 f5
15. Ng5 h6 16. Bxc6 hxg5 17. Bxg5 bxc6 18. Bxe7 Qd7 19. Bxf8 Rxf8 20. Rc2 Ne6
21. b4 Nc7 22. Rac1 Nd5 23. Rxc6 Nc3 24. R1xc3 dxc3 25. Qc4+ Qf7 26. d4 Qxc4
27. Rxc4 Rb8 28. e3 Bf8 29. a3 a5 30. Rxc3 axb4 31. axb4 Rxb4 32. Rc7 Rb2 33.
Kg2 Bb4 34. Rb7 Bc3 35. Rxb2 Bxb2 36. Kf3 Kf7 37. g4 Kf6 38. h4 Bc3 39. gxf5
gxf5 40. Ke2 Kg6 41. Kd3 Bb4 42. e4 1/2-1/2

[Event "2BLN 2122 Hamburger SK II - SG AE Magde"]
[Site "?"]
[Date "2022.05.14"]
[Round "5.7"]
[White "Schoene, Maria"]
[Black "Woelk, Tom-Frederic"]
[Result "0-1"]
[WhiteElo "2222"]
[BlackElo "2315"]
[PlyCount "66"]
[EventDate "2022.??.??"]

1. e4 c5 2. Nf3 e6 3. d4 cxd4 4. Nxd4 Nc6 5. Nc3 Qc7 6. Be2 a6 7. Be3 b5 8.
Nxc6 Qxc6 9. Bf3 Bb7 10. O-O Ne7 11. Re1 Ng6 12. Qd4 Qc7 13. Rad1 Ne5 14. Bh5
g6 15. f4 Bg7 16. fxe5 Bxe5 17. Qd2 gxh5 18. Bd4 Bxh2+ 19. Kh1 Bf4 20. Qe2 Be5
21. Qxh5 Bxd4 22. Rxd4 Qg3 23. Rf1 Qg6 24. Qh4 Rg8 25. Rd2 b4 26. Nd5 exd5 27.
exd5 Bxd5 28. Re1+ Be6 29. Qxb4 Qg3 30. Qe4 Rd8 31. Re3 Qg6 32. Qh4 Qg5 33.
Qxh7 Qxe3 0-1

[Event "2BLN 2122 Hamburger SK II - SG AE Magde"]
[Site "?"]
[Date "2022.05.14"]
[Round "5.8"]
[White "Peyrer, Konstantin"]
[Black "Brueggemann, Florian"]
[Result "1-0"]
[WhiteElo "2410"]
[BlackElo "1967"]
[PlyCount "117"]
[EventDate "2022.??.??"]

1. e4 c5 2. Nf3 d6 3. d4 cxd4 4. Nxd4 Nf6 5. Nc3 a6 6. Be2 e6 7. g4 Nfd7 8. g5
Nc6 9. Be3 Nc5 10. h4 e5 11. Nb3 Be6 12. Nd5 Be7 13. Nxc5 dxc5 14. c3 O-O 15.
Qd2 Bxd5 16. Qxd5 Qxd5 17. exd5 Na7 18. O-O-O Bd6 19. h5 f5 20. gxf6 Rxf6 21.
h6 g6 22. Rh4 Nc8 23. Bg4 Ne7 24. Be6+ Kf8 25. Re4 Rf3 26. Bg4 Rf7 27. Rc4 b5
28. Rxc5 Bxc5 29. Bxc5 Ke8 30. d6 Nf5 31. a4 Rd7 32. Re1 Kf7 33. Rxe5 Kf6 34.
f4 bxa4 35. Bd4 Nxd4 36. Bxd7 Rd8 37. Bxa4 Ne6 38. d7 g5 39. Ra5 gxf4 40. Rxa6
Ke7 41. Ra5 Rf8 42. Kd1 Rf6 43. Ra8 Nd8 44. c4 Re6 45. Ra5 Rxh6 46. Rf5 Nc6 47.
Bxc6 Rxc6 48. Rxf4 Kxd7 49. Rh4 h6 50. Kc2 Rg6 51. b4 Kc6 52. Kc3 Rf6 53. b5+
Kb6 54. Kb4 Rg6 55. Rf4 h5 56. c5+ Kb7 57. Rf7+ Kb8 58. b6 Rh6 59. Kb5 1-0

[Event "2BLN 2122 SK Kirchweyhe - SC Rotation P"]
[Site "?"]
[Date "2022.05.15"]
[Round "6.1"]
[White "Szelag, Marcin"]
[Black "Ivic, Velimir"]
[Result "0-1"]
[WhiteElo "2419"]
[BlackElo "2623"]
[PlyCount "56"]
[EventDate "2022.??.??"]

1. e4 e5 2. Nf3 Nc6 3. Bb5 a6 4. Ba4 Nf6 5. O-O Be7 6. Re1 b5 7. Bb3 O-O 8. c3
d5 9. exd5 Nxd5 10. Nxe5 Nxe5 11. Rxe5 c6 12. d4 Bd6 13. Re1 Qh4 14. g3 Qh3 15.
Re4 g5 16. Qf1 Qh5 17. f3 Bh3 18. Qf2 f5 19. Re1 Rae8 20. Rxe8 Rxe8 21. Nd2 Kh8
22. a4 Nf4 23. gxf4 gxf4 24. Kh1 Qg6 25. Bf7 Re1+ 26. Nf1 Qg7 27. Bxf4 Rxa1 28.
Bxd6 Bxf1 0-1

[Event "2BLN 2122 SK Kirchweyhe - SC Rotation P"]
[Site "?"]
[Date "2022.05.15"]
[Round "6.2"]
[White "Stevic, Hrvoje"]
[Black "Tomczak, Rafal"]
[Result "1-0"]
[WhiteElo "2558"]
[BlackElo "2310"]
[PlyCount "69"]
[EventDate "2022.??.??"]

1. e4 c5 2. c3 d5 3. exd5 Qxd5 4. d4 Nf6 5. Nf3 Nc6 6. Be2 e6 7. O-O Be7 8.
dxc5 Qxd1 9. Rxd1 Bxc5 10. b4 Be7 11. Nbd2 O-O 12. Bb2 Rd8 13. a4 Nd5 14. b5
Na5 15. c4 Nf4 16. Bf1 b6 17. Nd4 Bb7 18. N2b3 Nxb3 19. Nxb3 Be4 20. a5 Rxd1
21. Rxd1 Rd8 22. Rxd8+ Bxd8 23. a6 f6 24. Bd4 Bc2 25. Be3 Nd5 26. Nd4 Nxe3 27.
fxe3 Be4 28. Nxe6 Be7 29. Be2 Kf7 30. Nd4 Bc5 31. Bf3 Bxf3 32. gxf3 Ke8 33. Kf2
Kd7 34. Nc6 f5 35. Ke2 1-0

[Event "2BLN 2122 SK Kirchweyhe - SC Rotation P"]
[Site "?"]
[Date "2022.05.15"]
[Round "6.3"]
[White "Dauth, Benjamin"]
[Black "Brkic, Ante"]
[Result "0-1"]
[WhiteElo "2257"]
[BlackElo "2612"]
[PlyCount "92"]
[EventDate "2022.??.??"]

1. e4 c5 2. Nf3 d6 3. d4 cxd4 4. Nxd4 Nf6 5. Nc3 a6 6. Be2 e5 7. Nb3 Be7 8. O-O
O-O 9. Be3 Be6 10. Nd5 Nbd7 11. Qd3 Bxd5 12. exd5 Rc8 13. c4 g6 14. Rac1 Ne8
15. Nd2 f5 16. f3 a5 17. Rfd1 Bg5 18. Bf2 Nef6 19. b3 e4 20. fxe4 Ne5 21. Qd4
Bxd2 22. Rxd2 Nxe4 23. Rdd1 Nxf2 24. Qxf2 b6 25. Qd4 Qc7 26. g3 g5 27. Rf1 Rf6
28. Rf2 Rcf8 29. Rcf1 Qc5 30. Qd2 h6 31. Kg2 Kg7 32. h3 Qb4 33. Qc2 f4 34. gxf4
gxf4 35. Bh5 Qc5 36. Kh2 Qe3 37. Rg1+ Kh8 38. Rfg2 f3 39. Rg7 Qf4+ 40. Kh1 Qf5
41. Qxf5 Rxf5 42. Bxf3 Rxf3 43. Rb7 Rxh3+ 44. Kg2 Rhf3 45. Kh2 R3f7 46. Rxb6
Nf3+ 0-1

[Event "2BLN 2122 SK Kirchweyhe - SC Rotation P"]
[Site "?"]
[Date "2022.05.15"]
[Round "6.4"]
[White "Jovanovic, Zoran"]
[Black "Neumeier, Lars"]
[Result "1-0"]
[WhiteElo "2523"]
[BlackElo "2312"]
[PlyCount "99"]
[EventDate "2022.??.??"]

1. e4 c5 2. Nf3 d6 3. d4 cxd4 4. Qxd4 Nc6 5. Bb5 Bd7 6. Bxc6 bxc6 7. O-O e5 8.
Qd3 Qc7 9. c4 Bg4 10. Nc3 Nf6 11. h3 Be6 12. Bg5 Nd7 13. Rac1 Qb7 14. b3 h6 15.
Be3 Be7 16. Nd2 O-O 17. f4 f5 18. fxe5 Nxe5 19. Qc2 Qd7 20. Rcd1 f4 21. Bxf4
Bxh3 22. Bxe5 dxe5 23. Nf3 Qe6 24. gxh3 Qxh3 25. Nh2 Bc5+ 26. Kh1 Rad8 27. Rxd8
Rxd8 28. Na4 Qe3 29. Qc3 Rd3 30. Qe1 Qxe1 31. Rxe1 Bd4 32. Rf1 Re3 33. Nf3 Rxe4
34. Nxd4 exd4 35. Nc5 Re5 36. b4 Re2 37. Nb3 d3 38. Rd1 Rxa2 39. Rxd3 Ra4 40.
Rd8+ Kf7 41. Rd7+ Kf6 42. Rb7 Ke5 43. Na5 c5 44. Rxa7 Kf4 45. b5 Kg3 46. Rxg7+
Kh3 47. Nc6 Rxc4 48. b6 Rc1+ 49. Rg1 Rc2 50. Rb1 1-0

[Event "2BLN 2122 SK Kirchweyhe - SC Rotation P"]
[Site "?"]
[Date "2022.05.15"]
[Round "6.5"]
[White "Mueller, Michael"]
[Black "Kovacevic, Aleksandar"]
[Result "0-1"]
[WhiteElo "2241"]
[BlackElo "2503"]
[PlyCount "100"]
[EventDate "2022.??.??"]

1. d4 Nf6 2. c4 e6 3. Nc3 Bb4 4. f3 d5 5. a3 Bxc3+ 6. bxc3 c5 7. cxd5 Nxd5 8.
dxc5 Qa5 9. e4 Ne7 10. Be3 O-O 11. Qb3 Qc7 12. Bb5 Nec6 13. Nh3 Na5 14. Qb2 e5
15. O-O Be6 16. Rfd1 Na6 17. c6 Nxc6 18. Qf2 Rfd8 19. Kh1 Na5 20. Bxa7 Nb3 21.
Rab1 Rxd1+ 22. Rxd1 Bxh3 23. gxh3 Nac5 24. Bxc5 Nxc5 25. Qb2 Ne6 26. Qb4 Rd8
27. Ba4 Rxd1+ 28. Bxd1 Qd8 29. Bb3 Qd3 30. Qc4 Qxf3+ 31. Kg1 Qe3+ 32. Kf1 Qxh3+
33. Ke1 Ng5 34. Qc7 h6 35. Qxb7 Qxc3+ 36. Ke2 Kh7 37. Qb4 Qb2+ 38. Kd3 Qxh2 39.
a4 h5 40. Qd2 Qh3+ 41. Qe3 Qd7+ 42. Kc3 Qc6+ 43. Kb2 f6 44. Qe2 Kh6 45. a5 Nxe4
46. a6 Qc3+ 47. Ka3 Qc1+ 48. Qb2 Qc5+ 49. Ka2 Nc3+ 50. Ka1 Qg1+ 0-1

[Event "2BLN 2122 SK Kirchweyhe - SC Rotation P"]
[Site "?"]
[Date "2022.05.15"]
[Round "6.6"]
[White "Palac, Mladen"]
[Black "Guth, Thomas"]
[Result "1-0"]
[WhiteElo "2505"]
[BlackElo "2257"]
[PlyCount "71"]
[EventDate "2022.??.??"]

1. d4 e6 2. c4 Nf6 3. Nf3 c5 4. d5 exd5 5. cxd5 d6 6. Nc3 g6 7. Bf4 a6 8. a4
Bg7 9. h3 O-O 10. e3 Qc7 11. Be2 Nbd7 12. O-O h6 13. Nd2 Ne8 14. Qc2 Rb8 15.
Bg3 f5 16. Kh1 Ne5 17. f4 Nf7 18. a5 Nf6 19. Bd3 b5 20. axb6 Rxb6 21. Bh4 Qb7
22. Nc4 Rb4 23. Bxf6 Bxf6 24. e4 Bg7 25. exf5 gxf5 26. Rae1 Qc7 27. Ne3 Qb7 28.
Re2 Re8 29. Ncd1 Bd7 30. Nxf5 c4 31. Rxe8+ Bxe8 32. Bxc4 Rxc4 33. Qxc4 Bb5 34.
Qb3 Qd7 35. Nxg7 Bxf1 36. Ne6 1-0

[Event "2BLN 2122 SK Kirchweyhe - SC Rotation P"]
[Site "?"]
[Date "2022.05.15"]
[Round "6.7"]
[White "Jeske, Eckhard"]
[Black "Zelcic, Robert"]
[Result "0-1"]
[WhiteElo "2150"]
[BlackElo "2497"]
[PlyCount "52"]
[EventDate "2022.??.??"]

1. c4 Nf6 2. Nc3 e5 3. Nf3 Nc6 4. d4 exd4 5. Nxd4 Bb4 6. Nxc6 bxc6 7. Qc2 O-O
8. a3 Bxc3+ 9. Qxc3 Ne4 10. Qd4 Re8 11. b4 c5 12. bxc5 c6 13. e3 Qa5+ 14. Bd2
Nxd2 15. Qxd2 Qxc5 16. Be2 Rb8 17. O-O Rb3 18. a4 d6 19. Rfd1 Rd8 20. Rdb1
Rxb1+ 21. Rxb1 Ba6 22. Kf1 Bxc4 23. Rc1 Bxe2+ 24. Kxe2 Qb6 25. Qc2 c5 26. Qc4
Qc6 0-1

[Event "2BLN 2122 SK Kirchweyhe - SC Rotation P"]
[Site "?"]
[Date "2022.05.15"]
[Round "6.8"]
[White "Zaja, Ivan"]
[Black "Bruchmann, Stephan"]
[Result "1/2-1/2"]
[WhiteElo "2449"]
[BlackElo "2209"]
[PlyCount "37"]
[EventDate "2022.??.??"]

1. d4 d5 2. c4 c6 3. Nf3 Nf6 4. Nc3 dxc4 5. a4 c5 6. d5 Bf5 7. e4 Nxe4 8. Nxe4
Bxe4 9. Bxc4 e6 10. dxe6 Qxd1+ 11. Kxd1 Bxf3+ 12. gxf3 fxe6 13. Re1 Nc6 14.
Rxe6+ Be7 15. Be3 O-O-O+ 16. Ke2 Bf6 17. Bxc5 Nd4+ 18. Bxd4 Rxd4 19. Re4
1/2-1/2

[Event "2BLN 2122 SV Lingen - SF Berlin II"]
[Site "?"]
[Date "2022.05.15"]
[Round "6.1"]
[White "Schmidek, Emil"]
[Black "Kollen, Zyon"]
[Result "1-0"]
[WhiteElo "2408"]
[BlackElo "2376"]
[PlyCount "55"]
[EventDate "2022.??.??"]

1. d4 e6 2. c4 Nf6 3. Nc3 Bb4 4. Bd2 O-O 5. Nf3 b6 6. e3 Bb7 7. Bd3 d6 8. O-O
Nbd7 9. a3 Bxc3 10. Bxc3 Ne4 11. Be1 c5 12. Nd2 Nxd2 13. Bxd2 Qg5 14. f3 cxd4
15. exd4 Qf6 16. Bc3 d5 17. Qa4 Rfd8 18. c5 Qf4 19. Bb5 Nf6 20. c6 Bc8 21. Be1
a6 22. Bg3 Qe3+ 23. Bf2 Qf4 24. Bg3 Qe3+ 25. Bf2 Qf4 26. Rac1 Bd7 27. cxd7 axb5
28. Qxa8 1-0

[Event "2BLN 2122 SV Lingen - SF Berlin II"]
[Site "?"]
[Date "2022.05.15"]
[Round "6.2"]
[White "Milanovic, Danilo"]
[Black "Morgunov, Marc"]
[Result "1-0"]
[WhiteElo "2406"]
[BlackElo "2369"]
[PlyCount "63"]
[EventDate "2022.??.??"]

1. d4 Nf6 2. Nf3 g6 3. Nbd2 d5 4. e3 Bg7 5. Be2 O-O 6. b4 a5 7. b5 c5 8. bxc6
bxc6 9. Ba3 Na6 10. O-O Bf5 11. Ne5 Qc7 12. Bd3 Bc8 13. c3 c5 14. Qe2 Nd7 15.
Nxd7 Qxd7 16. Bb5 Qc7 17. Rac1 Rd8 18. c4 Nb4 19. cxd5 Rxd5 20. Nb3 Qb8 21.
Rxc5 Rxc5 22. Nxc5 e5 23. Bc4 exd4 24. exd4 Bf5 25. g4 Nc2 26. gxf5 Nxa3 27.
Bxf7+ Kh8 28. fxg6 Nb5 29. Rb1 Qf4 30. Ne6 Qf6 31. Qh5 h6 32. Rxb5 1-0

[Event "2BLN 2122 SV Lingen - SF Berlin II"]
[Site "?"]
[Date "2022.05.15"]
[Round "6.3"]
[White "Lauber, Arnd"]
[Black "Gutman, Lev"]
[Result "1-0"]
[WhiteElo "2411"]
[BlackElo "2365"]
[PlyCount "47"]
[EventDate "2022.??.??"]

1. d4 Nf6 2. c4 g6 3. Nc3 d5 4. Nf3 Bg7 5. Bf4 O-O 6. Rc1 c6 7. e3 Be6 8. Ng5
Bg4 9. Qb3 h6 10. Nf3 Bxf3 11. gxf3 Nh5 12. Bxb8 dxc4 13. Qxb7 Rxb8 14. Qxc6 e6
15. Bxc4 Rc8 16. Qa6 Qg5 17. Ne4 Qh4 18. Ke2 Bxd4 19. exd4 Nf4+ 20. Kd2 Nd5 21.
Qa3 Rxc4 22. Rxc4 f5 23. Ng3 Nb6 24. Rc2 1-0

[Event "2BLN 2122 SV Lingen - SF Berlin II"]
[Site "?"]
[Date "2022.05.15"]
[Round "6.4"]
[White "Miletic, Vuk"]
[Black "Baum, Jonasz"]
[Result "0-1"]
[WhiteElo "2207"]
[BlackElo "2409"]
[PlyCount "128"]
[EventDate "2022.??.??"]

1. d4 Nf6 2. Bf4 e6 3. e3 c5 4. c3 Nc6 5. Nd2 d5 6. Ngf3 cxd4 7. exd4 Nh5 8.
Be3 Bd6 9. Ne5 Nf6 10. f4 Qb6 11. Qb3 Ng8 12. Bd3 Nh6 13. g3 f6 14. Nef3 Bd7
15. O-O Ng4 16. Rae1 Qxb3 17. axb3 O-O 18. Kg2 Nxe3+ 19. Rxe3 a5 20. Bb5 Rae8
21. Rfe1 Kf7 22. Nf1 Re7 23. R3e2 g6 24. Ne3 Rfe8 25. c4 Nb4 26. Bxd7 Rxd7 27.
Ra1 Bc7 28. Nc2 Nc6 29. Kf1 Bb6 30. Rd1 Rc8 31. g4 Bc7 32. f5 exf5 33. gxf5 g5
34. Ne3 Ne7 35. h4 h6 36. Kf2 dxc4 37. bxc4 Bf4 38. hxg5 hxg5 39. Rh1 Bxe3+ 40.
Rxe3 Nxf5 41. Rh7+ Ng7 42. b3 a4 43. c5 Kg6 44. Rh1 Nf5 45. Re4 axb3 46. Rb1 b6
47. cxb6 Rc2+ 48. Re2 g4 49. Rxc2 bxc2 50. Rg1 Kf7 51. Nd2 Rxd4 52. Ke2 Rb4 53.
Kd3 Rxb6 54. Kxc2 Rb4 55. Kd3 Rd4+ 56. Ke2 Kg6 57. Rg2 Nh4 58. Rg3 f5 59. Rc3
Kg5 60. Rc5 Ng2 61. Nf1 Nf4+ 62. Ke3 Rd3+ 63. Kf2 Rf3+ 64. Kg1 Nh3+ 0-1

[Event "2BLN 2122 SV Lingen - SF Berlin II"]
[Site "?"]
[Date "2022.05.15"]
[Round "6.5"]
[White "Florstedt, Johannes"]
[Black "Gazic, Josip"]
[Result "0-1"]
[WhiteElo "2365"]
[BlackElo "2150"]
[PlyCount "152"]
[EventDate "2022.??.??"]

1. e4 g6 2. d4 Bg7 3. Nf3 c5 4. c3 Qc7 5. h3 b6 6. Bd3 Bb7 7. O-O a6 8. Re1 Nc6
9. d5 Ne5 10. Nxe5 Bxe5 11. Nd2 d6 12. Nf3 Bg7 13. c4 Nf6 14. e5 dxe5 15. Nxe5
Nxd5 16. Nxf7 Kxf7 17. cxd5 Bd4 18. Bc4 Kg7 19. Bg5 Rae8 20. Qd2 h6 21. Bf4 e5
22. dxe6 Qc6 23. Bf1 Rxe6 24. Rxe6 Qxe6 25. Re1 Qf6 26. Be3 b5 27. Bxd4 cxd4
28. Qb4 Rf8 29. Re7+ Kg8 30. f3 Bd5 31. a4 bxa4 32. Rd7 Bb3 33. Rd6 Qg7 34. Bd3
Rf6 35. Rxd4 Qc7 36. Qe1 Qc5 37. Qe8+ Kg7 38. Qd7+ Bf7 39. Kh1 Qc1+ 40. Kh2
Qxb2 41. Qxa4 Rxf3 42. Qd7 Rf2 43. Rg4 Qe5+ 44. Kg1 Rf6 45. Qd4 Qd6 46. Bc4
Qxd4+ 47. Rxd4 Bxc4 48. Rxc4 Kf7 49. Ra4 Ke7 50. h4 Kd7 51. Kh2 Kc7 52. Ra1 Kb6
53. Rb1+ Kc5 54. Rc1+ Kb4 55. Rb1+ Kc3 56. Ra1 Kb2 57. Ra5 Kb3 58. Ra1 h5 59.
Kh3 Kb4 60. Rb1+ Kc5 61. Ra1 Kb6 62. Rb1+ Ka7 63. Ra1 Rf4 64. g3 Rg4 65. Kg2
Kb6 66. Rb1+ Kc5 67. Kf3 a5 68. Rc1+ Kb4 69. Rb1+ Kc3 70. Rc1+ Kb2 71. Re1 a4
72. Re2+ Kb3 73. Re3+ Kb4 74. Re8 a3 75. Re3 a2 76. Re1 Rc4 0-1

[Event "2BLN 2122 SV Lingen - SF Berlin II"]
[Site "?"]
[Date "2022.05.15"]
[Round "6.6"]
[White "Boehme, Arne"]
[Black "Polzin, Rainer"]
[Result "1-0"]
[WhiteElo "2144"]
[BlackElo "2393"]
[PlyCount "85"]
[EventDate "2022.??.??"]

1. e4 g6 2. d4 Bg7 3. Nc3 d6 4. Be3 a6 5. Qd2 b5 6. h4 Nf6 7. f3 h5 8. O-O-O
Nc6 9. Nh3 e5 10. dxe5 Nxe5 11. f4 b4 12. Nd5 Neg4 13. Bd4 O-O 14. Ng5 c5 15.
Nxf6+ Nxf6 16. Bxc5 Qa5 17. Bxd6 Qxa2 18. Qxb4 Bg4 19. Bc4 Qa1+ 20. Kd2 Bxd1
21. Rxd1 a5 22. Qb5 Nxe4+ 23. Nxe4 Qxb2 24. Qxb2 Bxb2 25. Bxf8 Kxf8 26. Rb1 Ba3
27. Rb7 Be7 28. Ng5 a4 29. Bxf7 a3 30. Ba2 Ra4 31. c4 Ra8 32. Ne6+ Kf7 33. c5
Kf6 34. Ke2 Rc8 35. Ra7 Rc6 36. Rxa3 Rxe6+ 37. Bxe6 Kxe6 38. Ra6+ Kf5 39. Kf3
Bxh4 40. c6 Ke6 41. c7+ Kd7 42. Rxg6 Be7 43. Rg7 1-0

[Event "2BLN 2122 SV Lingen - SF Berlin II"]
[Site "?"]
[Date "2022.05.15"]
[Round "6.7"]
[White "Hoffmann, Udo"]
[Black "Kandic, Milan"]
[Result "1-0"]
[WhiteElo "2305"]
[BlackElo "2037"]
[PlyCount "87"]
[EventDate "2022.??.??"]

1. e4 d6 2. Nc3 e5 3. f4 Nf6 4. Nf3 Nc6 5. Bb5 exf4 6. d4 Bd7 7. Bxf4 Be7 8.
Qe2 O-O 9. d5 Nb8 10. O-O-O Bxb5 11. Qxb5 Nbd7 12. Qxb7 Nc5 13. Qb4 Rb8 14. Qc4
a5 15. Nd4 Rb4 16. Qe2 Qa8 17. a3 Rb6 18. Nc6 Re8 19. Rhe1 Bf8 20. Qf3 Nfd7 21.
Rf1 f6 22. g4 Ne5 23. Bxe5 dxe5 24. g5 Nd7 25. Qg4 Qc8 26. gxf6 Nxf6 27. Qxc8
Rxc8 28. Nxa5 Ra6 29. Nc6 Ng4 30. Rd3 Nxh2 31. Rg1 h5 32. Rh1 Ng4 33. Rxh5 g6
34. Rh4 Nf6 35. Rg3 Kg7 36. Nxe5 Ng8 37. Rhg4 Ne7 38. Ne2 Kh7 39. Rh3+ Bh6+ 40.
Kb1 Kg7 41. Nd4 Bd2 42. Ne6+ Kf6 43. Nd7+ Kf7 44. Rh7+ 1-0

[Event "2BLN 2122 SV Lingen - SF Berlin II"]
[Site "?"]
[Date "2022.05.15"]
[Round "6.8"]
[White "Stojanovic, Bojan"]
[Black "Rudolf, Henrik"]
[Result "1/2-1/2"]
[WhiteElo "2033"]
[BlackElo "2278"]
[PlyCount "57"]
[EventDate "2022.??.??"]

1. b3 e5 2. Bb2 Nc6 3. e3 Nf6 4. Bb5 Bd6 5. Na3 Na5 6. Be2 a6 7. c4 c5 8. Nc2
Nc6 9. d4 exd4 10. exd4 cxd4 11. Nf3 Qa5+ 12. Kf1 O-O 13. Ncxd4 Ba3 14. Qc1
Bxb2 15. Qxb2 d5 16. Nxc6 bxc6 17. Ne5 dxc4 18. Bxc4 Bb7 19. b4 Qb6 20. Qb3 Qc7
21. Re1 Rae8 22. f4 Nd5 23. Bxd5 cxd5 24. Kf2 Re6 25. Rc1 Qb6+ 26. Rc5 Rfe8 27.
Re1 Qd6 28. g3 d4 29. Nxf7 1/2-1/2

[Event "2BLN 2122 FC St. Pauli - SV Werder Brem"]
[Site "?"]
[Date "2022.05.15"]
[Round "6.1"]
[White "Carlstedt, Jonathan"]
[Black "Feuerstack, Aljoscha"]
[Result "1/2-1/2"]
[WhiteElo "2444"]
[BlackElo "2488"]
[PlyCount "81"]
[EventDate "2022.??.??"]

1. d4 d5 2. Nf3 Nf6 3. c4 e6 4. Nc3 c5 5. cxd5 Nxd5 6. e4 Nxc3 7. bxc3 cxd4 8.
cxd4 Bb4+ 9. Bd2 Bxd2+ 10. Qxd2 O-O 11. Bc4 Nd7 12. O-O b6 13. Rfe1 Bb7 14.
Rad1 Rc8 15. Bb3 h6 16. h3 Nf6 17. Qf4 Qc7 18. Qh4 Rfe8 19. Re3 b5 20. d5 exd5
21. e5 Nd7 22. Bxd5 Nf8 23. Qe4 Red8 24. Nh4 Rxd5 25. Rxd5 Qc1+ 26. Kh2 Rc4 27.
Qd3 Bxd5 28. Nf5 Be6 29. Ne7+ Kh8 30. Qd8 Rc8 31. Nxc8 Qxc8 32. Qd6 Nd7 33. Ra3
Qc1 34. Rxa7 Qf4+ 35. Kg1 Nxe5 36. Qb8+ Kh7 37. Qxb5 Qc1+ 38. Kh2 Qf4+ 39. Kg1
Qg5 40. Kh1 Qf4 41. Kg1 1/2-1/2

[Event "2BLN 2122 FC St. Pauli - SV Werder Brem"]
[Site "?"]
[Date "2022.05.15"]
[Round "6.2"]
[White "Krause, Benedict"]
[Black "Meins, Gerlef"]
[Result "1-0"]
[WhiteElo "2420"]
[BlackElo "2417"]
[PlyCount "87"]
[EventDate "2022.??.??"]

1. e4 c5 2. Nf3 Nc6 3. d4 cxd4 4. Nxd4 e5 5. Nb5 d6 6. N1c3 a6 7. Na3 Be7 8.
Be3 Nf6 9. Nc4 b5 10. Nb6 Rb8 11. Nxc8 Qxc8 12. Be2 O-O 13. O-O Rd8 14. a4 d5
15. Nxd5 Nxd5 16. exd5 Nb4 17. axb5 axb5 18. Ba7 Rb7 19. c3 Nxd5 20. Qb3 Qe6
21. Rfd1 Nf4 22. Rxd8+ Bxd8 23. Qxe6 Nxe2+ 24. Kf1 fxe6 25. Kxe2 Kf7 26. Bc5
Bb6 27. Bxb6 Rxb6 28. Ra7+ Kf6 29. Rc7 Rd6 30. Ke3 h5 31. h4 g6 32. b4 Rd5 33.
f3 Rd1 34. Rc5 Rg1 35. Rxb5 Rxg2 36. Rb8 g5 37. hxg5+ Rxg5 38. b5 Ke7 39. c4
Kd6 40. Rc8 Kd7 41. Rh8 Kd6 42. Rh7 Kc5 43. Rc7+ Kb4 44. b6 1-0

[Event "2BLN 2122 FC St. Pauli - SV Werder Brem"]
[Site "?"]
[Date "2022.05.15"]
[Round "6.3"]
[White "Joachim, Sven"]
[Black "Sawatzki, Frank"]
[Result "1-0"]
[WhiteElo "2396"]
[BlackElo "2378"]
[PlyCount "85"]
[EventDate "2022.??.??"]

1. e4 c5 2. Nf3 Nc6 3. Nc3 e6 4. d4 cxd4 5. Nxd4 Qc7 6. Be3 a6 7. g4 Nxd4 8.
Qxd4 Bd6 9. O-O-O Be5 10. Qd2 Nf6 11. f3 h6 12. Na4 b5 13. Nc5 Bb7 14. Bg2 g5
15. h4 O-O-O 16. Nxb7 Kxb7 17. hxg5 hxg5 18. Bxg5 Rhg8 19. Be3 d5 20. exd5 Nxd5
21. f4 Bf6 22. Rh5 Rxg4 23. Bxd5+ exd5 24. Rxd5 Rgg8 25. Bc5 Qc6 26. Bd6 Rd7
27. Be5 Qxd5 28. Qxd5+ Rxd5 29. Rxd5 Bxe5 30. Rxe5 Kc6 31. Rf5 Rg7 32. Kd2 a5
33. a4 Rg2+ 34. Kd3 Rg3+ 35. Kd4 bxa4 36. Rxa5 Rf3 37. Ke5 Rf2 38. Rxa4 Rxc2
39. Ra7 Rxb2 40. Rxf7 Re2+ 41. Kf6 Kd6 42. f5 Ra2 43. Re7 1-0